Concepts of contemporary astronomy
| Main Author: | |
|---|---|
| Format: | Book |
| Published: |
New York :
Mcgraw-Hill Book Company ,
1974
|
| Subjects: |
MARC
| LEADER | 00000cam a2200000 7i4500 | ||
|---|---|---|---|
| 001 | 0000079274 | ||
| 005 | 20180410.0 | ||
| 008 | 180410 | ||
| 020 | |a 0070291470 | ||
| 090 | 0 | 0 | |a 520 |b HOD |
| 100 | 0 | |a Hodge, Paul W. | |
| 245 | 1 | 0 | |a Concepts of contemporary astronomy |c Paul W. Hodge |
| 260 | |a New York : |b Mcgraw-Hill Book Company , |c 1974 | ||
| 300 | |a 517 pg. | ||
| 500 | |a Included index | ||
| 650 | 0 | |a Astronomy | |
| 999 | |a 000015510 |b Book |c Adult Collection |e Cawangan Muar | ||